| 000 | 00796nas a2200277 4500 | ||
|---|---|---|---|
| 001 | BR9511569 | ||
| 003 | BR-BrBNA | ||
| 005 | 20231205095609.0 | ||
| 007 | ta | ||
| 008 | 230509b bl.|||p| |||| 00| 00por d | ||
| 040 |
_aBR-BrBNA _bpor _cBiblioteca Nacional de Agricultura |
||
| 041 | _a(Pt) | ||
| 072 | _aE16; E70 | ||
| 100 | 1 | _aCunha Sobrinho, A.P. da | |
| 100 | 1 | _aPassos, O.S. | |
| 245 | 1 | _aA citricultura do norte e nordeste do Brasil | |
| 650 | _aLimao | ||
| 650 | _aLima | ||
| 650 | _aEstatistica de Producao | ||
| 650 | _aConsumo | ||
| 650 | _aRegiao Norte | ||
| 650 | _aRegiao Nordeste | ||
| 773 | 0 |
_tRevista Brasileira de Fruticultura (Brazil) _xISSN 0100-2945 _g(1991), v. 13(2) p. 135-152 _wBR9511569 |
|
| 909 |
_a202311 _bLúcia _c55 _dLúcia Elande |
||
| 942 |
_2AGRIS _n0 _cANA |
||
| 999 |
_c151592 _d151592 |
||